| 000 | 01473cam a22002775i 4500 | ||
|---|---|---|---|
| 942 | _cBK | ||
| 999 |
_c735 _d735 |
||
| 001 | 21050543 | ||
| 003 | OSt | ||
| 005 | 20250420134823.0 | ||
| 008 | 190702s2019 mau 000 0 eng | ||
| 010 | _a 2019944949 | ||
| 020 |
_a9780128143469 _q(hardback) |
||
| 040 |
_aDLC _beng _erda _cKCST |
||
| 082 |
_a519.2 _bRo In |
||
| 100 | 1 |
_aRoss, Sheldon M, _eauthor. _91387 |
|
| 245 | 1 | 0 |
_aIntroduction to probability models / _cSheldon M Ross. |
| 250 | _a12. | ||
| 260 |
_aCambridge : _bAcademic Press, Elsevier; _c2019. |
||
| 300 | _axv, 826 p. ; | ||
| 520 |
_a"Introduction to Probability Models, Twelfth Edition, is the latest version of Sheldon Ross's classic bestseller. This trusted book introduces the reader to elementary probability modelling and stochastic processes and shows how probability theory can be applied in fields such as engineering, computer science, management science, the physical and social sciences and operations research. The hallmark features of this text have been retained in this edition, including a superior writing style and excellent exercises and examples covering the wide breadth of coverage of probability topics. In addition, many real-world applications in engineering, science, business and economics are included"-- _cProvided by publisher. |
||
| 650 |
_aProbabilities. _91388 |
||
| 650 |
_aStochastic process. _95481 |
||
| 650 |
_aStochastic model _95482 |
||
| 650 |
_aProbability theory _95483 |
||
| 942 | _2ddc | ||